000
00269nam a22001217a 4500
008
181023b xxu||||| |||| 00| 0 eng d
041
_a
eng
080
_a
370
100
_a
49
101
_a
EDU
245
_a
College Success Strategies
_c
Nist.SH.L
942
_2
udc
_c
BK
999
_c
50653
_d
50653